000 01025nas a2200301 4500
001 BR8601788
003 BR-BrBNA
005 20231205090426.0
007 ta
008 230509b bl.|||p| |||| 00| 00por d
040 _aBR-BrBNA
_bpor
_cBiblioteca Nacional de Agricultura
041 _a(Pt)
072 _aP34
100 1 _aVasconcelos, I.
100 1 _aAlmeida, R.T. de
100 1 _aLandim, C.M.U.
100 1 _aMendes Filho, P.F.
111 1 _a12. Reuniao Latino-Americana sobre Rhizobium
_cCampinas, SP (Brazil)
_dOct 1984
245 1 _aNovas ocorrencias e estirpes de Rhizobium spp. de leguminosas arboreas do estado do Ceara
246 1 _a[New occurrences and strains of Rhizobium spp. in arboreal legumes of the state of Ceara]
650 _aLEGUMINOSA FORRAGEIRA
650 _aRHIZOBIUM
650 _aESTIRPE
650 _aCEARA
773 0 _tCiencia Agronomica (Brazil)
_xISSN 0045-6888
_g(Jun 1985), v. 16(1) p. 9-12
_wBR8601788
909 _a202311
_bLúcia
_c55
_dLúcia Elande
942 _2AGRIS
_n0
_cANA
999 _c118329
_d118329